Statistics for Animal Alphabet Picture 54

Click here to take the quiz!

General Stats

  • This quiz has been taken 7 times
  • The average score is 22 of 26

Answer Stats

Answer% Correct
Crocodile
100%
Deer
100%
Eagle
100%
Fox
100%
Goat
100%
Hyena
100%
Lemur
100%
Narwhal
100%
Octopus
100%
Peacock
100%
Seal
100%
Tiger
100%
Unicorn
100%
Viper
100%
Wolf
100%
Zebra
100%
Anteater
86%
Jaguar
86%
Macaw
86%
Raccoon
86%
Yak
86%
Impala
43%
Kingfisher
43%
X-Ray Fish
43%
Binturong
29%
Quoll
14%

Score Distribution

Percentile by Number Answered

Percent of People with Each Score

Your Score History

You have not taken this quiz